000 00574nam a2200193 a 4500
001 000010478
005 20240412074219.0
008 091007s1984 dr r 001 p spa d
040 _aDO-SdBNP
_bspa
_cBNPHU
082 _aRD861.44
_bM742p
100 1 _aMonegro, Juan
_925481
245 1 0 _aPrimer grito de la sal /
_cJuan Monegro.
260 _aSanto Domingo :
_bGente,
_c1984.
300 _a48 p. ;
_c21 cm.
590 _aInventariado, 2018/BT
650 0 _aPoesía dominicana
_966
650 0 _aLiteratura dominicana.
_967
910 _aValidado. Control de calidad. MMOLINA
999 _c10237
_d10237